تحميل...
Indo -Anglian fiction an assesment /
| المؤلف الرئيسي: | |
|---|---|
| التنسيق: | Printed Book |
| اللغة: | English |
| منشور في: |
U.P
Prakash book depot,
c1968
|
| LEADER | 00458nam a22001337a 4500 | ||
|---|---|---|---|
| 008 | 160224b xxu||||| |||| 00| 0 eng d | ||
| 082 | |a 823.923 MEH/I | ||
| 100 | |a Mehta,P.P | ||
| 245 | |a Indo -Anglian fiction an assesment / | ||
| 260 | |a U.P |b Prakash book depot, |c c1968 | ||
| 300 | |b 298p. | ||
| 942 | |c BK | ||
| 999 | |c 193111 |d 193111 | ||
| 952 | |0 0 |1 0 |4 0 |6 823_923000000000000_MEH_I |7 0 |9 213147 |a ENG |b ENG |c ST1 |d 2016-02-24 |i 3908 |l 0 |o 823.923 MEH/I |p ENG3908 |r 2016-02-24 |w 2016-02-24 |y BK | ||